000 00594nam a2200181Ia 4500
003 GCL
008 140319s9999 xx 000 0 ara d
040 _aGCL /
_cGCL
082 0 4 _a001.6424
_bا ل
100 1 _aدار الراتب الجامعية
245 1 0 _aلغة الكوبول ج1 /
_cدار الراتب الجامعية
260 _a[S.N] :
_bدار الراتب الجامعية ،
_c1987
300 _a359
490 _aموسوعة البرمجة الالكترونية
_v0
650 0 4 _aالحاسبات الالكترونية
650 0 4 _aالكوبول
942 _2ddc
_cBK
999 _c38490
_d38490